| 000 | 01349cam a2200361 a 4500 | ||
|---|---|---|---|
| 001 | 35087 | ||
| 003 | BD-RjUL | ||
| 005 | 20211209052245.0 | ||
| 008 | 140520c19711967maua b 000 0 eng | ||
| 020 | _a0807041718 (pbk.) | ||
| 020 | _a080704170X | ||
| 035 | _a(BD-RjUL)35181 | ||
| 035 | _a1142215 | ||
| 040 |
_aLC _beng _cLC _dBD-RjUL |
||
| 041 | 1 | _aengswe | |
| 082 | 0 | 4 |
_a305.309485 _220 _bCHA 1971 |
| 245 | 0 | 4 |
_aThe Changing roles of men and women / _cedited by Edmund Dahlstrom. ;translated by Gunilla and Steven Anderman, with a foreword by Alva Myrdal. |
| 246 | 3 | _aStatus of women in Sweden | |
| 260 |
_aBoston : _bBeacon Press, _cc1967 [Published 1971]. |
||
| 300 |
_a302 p. : _bill. ; _c21 cm. |
||
| 490 | 0 | _aBeacon paperback 400 | |
| 500 | _a"First published [in 1962] in Swedish as Kvinnors liv och arbete." | ||
| 500 | _aAppendix (p. 209-302): The status of women in Sweden: report to the United Nations, 1968. | ||
| 504 | _aIncludes bibliographical references. | ||
| 650 | 0 |
_aWomen _zSweden. _9106825 |
|
| 650 | 0 |
_aWomen _xEmployment _zSweden. _9106826 |
|
| 700 | 1 |
_aDahlstrom, Edmund. _9106827 |
|
| 700 | 1 |
_aOste, Mia Berner. _tKvinnors liv och arbete. _9106828 |
|
| 700 | 1 | 2 |
_aSandlund, Maj-Britt, _d1934- _tStatus of women in Sweden. _f1971. _9106829 |
| 942 |
_2ddc _cBK |
||
| 999 |
_c35087 _d35087 |
||